00305nam a2200121Ia 4500100002800000650002200028366000700050654001100057245006100068260001900129082001800148546001700166 aReddy/V.S.K/ latha/Y.M  aSignal Processing f25 amatlab aSignal processing Simulation using Matlab(Design Manual) bSci techc2010 a621.3822bRED aENGLISHcTTL